000 00606nam a2200217 a 4500
001 18042
003 CO-ViMGA
008 141112s2004 ck r 000 u spa d
020 _a8478842268
040 _aCO-ViMGA
_bspa
_cCO-ViMGA
082 0 4 _a658.8 H687t
100 1 _aHoutart, Francois
_925615
245 1 0 _aLa tiranía del mercado y sus alternativas
260 _aMadríd (España),
_cpopular,
_c2001
300 _a238.p.
590 _aForma de adquisición : Premio - Mincultura
650 1 4 _aEconomía - América LATINA
650 1 4 _aGLOBALIZACION
650 1 4 _aMERCADEO
_9559
942 _2ddc
_cBK
999 _c27419
_d27419